MEDICINAL PLANTS OF INDIA (Record no. 6042)

MARC details
000 -LEADER
fixed length control field 00338nam a22001457a 4500
005 - DATE AND TIME OF LATEST TRANSACTION
control field 20200225153256.0
008 - FIXED-LENGTH DATA ELEMENTS--GENERAL INFORMATION
fixed length control field 200225b xxu||||| |||| 00| 0 eng d
020 ## - INTERNATIONAL STANDARD BOOK NUMBER
ISBN 81-239-0277-8
041 ## - LANGUAGE CODE
Language code of text/sound track or separate title eng
100 ## - MAIN ENTRY--AUTHOR NAME
Personal name ZAFAR, RASHEEDUZ
245 ## - TITLE STATEMENT
Title MEDICINAL PLANTS OF INDIA
260 ## - PUBLICATION, DISTRIBUTION, ETC. (IMPRINT)
Place of publication NEW DELHI
Name of publisher CBS
300 ## - PHYSICAL DESCRIPTION
Number of Pages 132p,
942 ## - ADDED ENTRY ELEMENTS (KOHA)
Koha item type Books

No items available.